| 000 | 00433nam a22001577a 4500 | ||
|---|---|---|---|
| 999 |
_c64140 _d64140 |
||
| 005 | 20181128145127.0 | ||
| 010 | _aB-126134 | ||
| 020 |
_a8176211516 _c125.00 |
||
| 035 | _aB-126121, B-126134, B-126135 | ||
| 037 |
_aDPL _bENG |
||
| 100 | _aOsho | ||
| 245 |
_aIn search of celebration / _cby Osho |
||
| 260 |
_aNew Delhi _bFull Circle Publishing _c2004 |
||
| 300 |
_a197p. _c20 cms. |
||
| 942 |
_2ddc _cEN _h181.499 _mOSH |
||